Quiz o Chile - Statystyki

Ogólne statystyki
  • Ten quiz został rozwiązany 1 881 razy
  • Średni wynik to 13 z 20
Statystyki odpowiedzi
Wskazówka Odpowiedź % Poprawnych
Państwa graniczące Argentyna
98%
Oficjalny język hiszpański
97%
Państwa graniczące Peru
96%
Państwa graniczące Boliwia
95%
Stolica Santiago
92%
Pasmo górskie, które rozciąga się na całej długości Chile Andy
85%
Waluta Peso
85%
Stan USA, który ma podobną flagę do Chile:
Teksas
85%
W 1960 roku w Chile zarejestrowanonajsilniejsze w historii z nich (9,5 w skali Richtera) Trzęsienie Ziemi
79%
Podobnie jak Norwegia, Chile mawiele z tych głębokich, oceanicznych zatoczek Fjord
72%
Wyspa na Pacyfiku, znana również jakoRapa Nui, odkryta po raz pierwszy przez Europejczyków w niedzielę 5.04. 1722 r. Wyspa {Wielkanocna}
62%
Ojos del Salado o wysokości 6893 mnpm, jest najwyższym na świecie ______ Wulkanem
59%
Najbardziej sucha pustynia świata Atakama
54%
Metal, który stanowi 60% eksportu Chile Miedź
52%
Cieśnina oddzielająca powyższe od lądu Cieśnina {Magellana}
44%
Najdalej wysunięty na południe skrawek Chile Przylądek {Horn}
44%
Najbardziej wysunięty na południe archipelag Ziemia Ognista
39%
Dyktator Chile w latach 1973–1990 Augusto Pinochet
35%
Poeta, który w 1971 zdobył Nagrodę Nobla {Pablo} Neruda
27%
Wojna, w której państwo graniczące #2 straciło linię brzegową na rzecz Chile Wojna o {Pacyfik}
20%
Nie znaleziono quizów pasujących do podanych kryteriów
Rozkład punktacji
Procent ludzi z każdym wynikiem
Percentyl według liczby udzielonych odpowiedzi
Twoja historia wyników
Nie rozwiązałeś tego quizu